Online Catalogue and eLibrary

Samaja viddya niyaya (Record no. 1017)

MARC details
000 -LEADER
fixed length control field 00395nam a2200157Ia 4500
005 - DATE AND TIME OF LATEST TRANSACTION
control field 20250519024356.0
008 - FIXED-LENGTH DATA ELEMENTS--GENERAL INFORMATION
fixed length control field 240331s9999 xx 000 0 und d
020 ## - INTERNATIONAL STANDARD BOOK NUMBER
ISBN 9558121010
082 ## - DDC Classification
Class No. 301
Item Number - Author Mark KAR
100 ## - MAIN ENTRY--PERSONAL NAME
Personal name Karunathilaka, K
245 #0 - TITLE STATEMENT
Title Samaja viddya niyaya
260 ## - PUBLICATION, DISTRIBUTION, ETC.
Place of publication, distribution, etc. Kadawatha
Name of publisher, distributor, etc. Malinga Publishers
Date of publication, distribution, etc. 1998
300 ## - PHYSICAL DESCRIPTION
Extent (e.g. Volumes, Pages etc.) 200 p .,
650 ## - SUBJECT ADDED ENTRY--TOPICAL TERM
Topical term or geographic name entry element Social Science Methodology
942 ## - Koha item type (Biblio)
Koha item type Books in Stacks (Lending)
Holdings
Lost status Damaged status Collection code Home library Current library Shelving location Date acquired Full call number Accession Number Item type
    Lending WERC Library WERC Library Social Science Cupboard 03/31/2024 301 KAR 2866 Books in Stacks (Lending)

© WERC Library